<?xml version="1.0" encoding="UTF-8"?>
<record
    xmlns:xsi="http://www.w3.org/2001/XMLSchema-instance"
    xsi:schemaLocation="http://www.loc.gov/MARC21/slim http://www.loc.gov/standards/marcxml/schema/MARC21slim.xsd"
    xmlns="http://www.loc.gov/MARC21/slim">

  <leader>01994nam a2200469Ii 4500</leader>
  <controlfield tag="001">DIGOLEJNK0129</controlfield>
  <controlfield tag="003">NyNyDIG</controlfield>
  <controlfield tag="006">m     o  d        </controlfield>
  <controlfield tag="007">cr |||||||||||</controlfield>
  <controlfield tag="008">220522s2021    cl      o     000 0 spa d</controlfield>
  <datafield tag="035" ind1=" " ind2=" ">
    <subfield code="a">(OCoLC)1335132183</subfield>
  </datafield>
  <datafield tag="040" ind1=" " ind2=" ">
    <subfield code="a">DGITA</subfield>
    <subfield code="b">eng</subfield>
    <subfield code="e">rda</subfield>
    <subfield code="e">pn</subfield>
    <subfield code="c">DGITA</subfield>
  </datafield>
  <datafield tag="020" ind1=" " ind2=" ">
    <subfield code="z">9789563929782</subfield>
  </datafield>
  <datafield tag="041" ind1="0" ind2=" ">
    <subfield code="a">spa</subfield>
    <subfield code="b">spa</subfield>
    <subfield code="b">eng</subfield>
  </datafield>
  <datafield tag="043" ind1=" " ind2=" ">
    <subfield code="a">s-ck---</subfield>
  </datafield>
  <datafield tag="050" ind1="1" ind2="4">
    <subfield code="a">KHH3269 ebook</subfield>
  </datafield>
  <datafield tag="100" ind1="1" ind2=" ">
    <subfield code="a">Santofimio G., Jaime Orlando,</subfield>
    <subfield code="e">author.</subfield>
  </datafield>
  <datafield tag="245" ind1="1" ind2="0">
    <subfield code="a">Responsabilidad del Estado por la actividad judicial /</subfield>
    <subfield code="c">Jaime Orlando Santofimio Gamboa ; con la colaboraci&#xF3;n de Andr&#xE9;s Mauricio Brice&#xF1;o Chaves.</subfield>
  </datafield>
  <datafield tag="264" ind1=" " ind2="1">
    <subfield code="a">Santiago, Chile :</subfield>
    <subfield code="b">Ediciones Olejnik,</subfield>
    <subfield code="c">[2021]</subfield>
  </datafield>
  <datafield tag="300" ind1=" " ind2=" ">
    <subfield code="a">1 online resource.</subfield>
  </datafield>
  <datafield tag="336" ind1=" " ind2=" ">
    <subfield code="a">text</subfield>
    <subfield code="b">txt</subfield>
    <subfield code="2">rdacontent</subfield>
  </datafield>
  <datafield tag="337" ind1=" " ind2=" ">
    <subfield code="a">computer</subfield>
    <subfield code="b">c</subfield>
    <subfield code="2">rdamedia</subfield>
  </datafield>
  <datafield tag="338" ind1=" " ind2=" ">
    <subfield code="a">online resource</subfield>
    <subfield code="b">cr</subfield>
    <subfield code="2">rdacarrier</subfield>
  </datafield>
  <datafield tag="347" ind1=" " ind2=" ">
    <subfield code="a">text file</subfield>
    <subfield code="2">rdaft</subfield>
  </datafield>
  <datafield tag="347" ind1=" " ind2=" ">
    <subfield code="b">PDF</subfield>
  </datafield>
  <datafield tag="490" ind1="1" ind2=" ">
    <subfield code="a">Biblioteca de derecho administrativo. Colecci&#xF3;n Allan R. Brewer-Car&#xED;as</subfield>
  </datafield>
  <datafield tag="546" ind1=" " ind2=" ">
    <subfield code="a">Text in Spanish with abstract in Spanish and English.</subfield>
  </datafield>
  <datafield tag="588" ind1="0" ind2=" ">
    <subfield code="a">Online resource; title from PDF title page (Digitalia, viewed May 22, 2022)</subfield>
  </datafield>
  <datafield tag="610" ind1="1" ind2="0">
    <subfield code="a">Colombia.</subfield>
    <subfield code="b">Consejo de Estado.</subfield>
  </datafield>
  <datafield tag="650" ind1=" " ind2="0">
    <subfield code="a">Administrative responsibility</subfield>
    <subfield code="z">Colombia.</subfield>
  </datafield>
  <datafield tag="650" ind1=" " ind2="0">
    <subfield code="a">Justice, Administration of</subfield>
    <subfield code="z">Colombia.</subfield>
  </datafield>
  <datafield tag="650" ind1=" " ind2="0">
    <subfield code="a">Administrative responsibility.</subfield>
  </datafield>
  <datafield tag="650" ind1=" " ind2="0">
    <subfield code="a">Justice, Administration of.</subfield>
  </datafield>
  <datafield tag="700" ind1="1" ind2=" ">
    <subfield code="a">Brice&#xF1;o Chaves, Andr&#xE9;s Mauricio,</subfield>
    <subfield code="e">author.</subfield>
  </datafield>
  <datafield tag="791" ind1="2" ind2=" ">
    <subfield code="a">Digitalia (Firm),</subfield>
    <subfield code="e">distributor.</subfield>
  </datafield>
  <datafield tag="793" ind1="0" ind2=" ">
    <subfield code="g">Digitalia eBook Collection:</subfield>
    <subfield code="a">Ediciones Olejnik</subfield>
  </datafield>
  <datafield tag="776" ind1="0" ind2="8">
    <subfield code="i">Print version:</subfield>
    <subfield code="a">Santofimio G., Jaime Orlando.</subfield>
    <subfield code="t">Responsabilidad del estado por la actividad judicial.</subfield>
    <subfield code="b">2a. edici&#xF3;n.</subfield>
    <subfield code="d">Santiago, Chile : Ediciones Olejnik, 2021</subfield>
    <subfield code="z">9789563929782</subfield>
  </datafield>
  <datafield tag="830" ind1=" " ind2="0">
    <subfield code="a">Biblioteca de derecho administrativo.</subfield>
    <subfield code="p">Colecci&#xF3;n Allan R. Brewer-Car&#xED;as.</subfield>
  </datafield>
  <datafield tag="856" ind1="4" ind2="0">
    <subfield code="3">Digitalia Hisp&#xE1;nica</subfield>
    <subfield code="u">https://www.digitaliapublishing.com/a/104305/</subfield>
  </datafield>
  <datafield tag="910" ind1=" " ind2=" ">
    <subfield code="a">Premium collection: 2022</subfield>
  </datafield>
  <datafield tag="942" ind1=" " ind2=" ">
    <subfield code="c">RAA</subfield>
  </datafield>
  <datafield tag="952" ind1=" " ind2=" ">
    <subfield code="0">0</subfield>
    <subfield code="1">0</subfield>
    <subfield code="4">0</subfield>
    <subfield code="7">0</subfield>
    <subfield code="8">DEH</subfield>
    <subfield code="a">BD-UIN</subfield>
    <subfield code="b">BD-UIN</subfield>
    <subfield code="d">2025-04-25</subfield>
    <subfield code="l">0</subfield>
    <subfield code="r">2025-04-25</subfield>
    <subfield code="w">2025-04-25</subfield>
    <subfield code="y">RAA</subfield>
  </datafield>
  <datafield tag="999" ind1=" " ind2=" ">
    <subfield code="c">270264</subfield>
    <subfield code="d">270264</subfield>
  </datafield>
</record>
